Famous Rock Bands - Statistics

General Stats
  • This quiz has been taken 3,502 times
  • The average score is 8 of 15
Answer Stats
Hint Answer % Correct
Nothing Else Matters Metallica
83%
You Shook Me All Night Long AC/DC
82%
Paranoid Black Sabbath
82%
Dream On Aerosmith
78%
Heart Shaped Box Nirvana
73%
Crazy Train Ozzy Osbourne
70%
Crazy Little Thing Called Love Queen
62%
Carry On My Wayward Son Kansas
58%
Freebird Lynyrd Skynyrd
54%
Fortunate Son Creedence Clearwater Revival
45%
Babe I'm Gonna Leave You Led Zeppelin
40%
The End The Doors
32%
Cemetery Gates Pantera
28%
Castles Made of Sand The Jimi Hendrix Experience
19%
Search and Destroy Iggy Pop and The Stooges
10%
No matching quizzes found
Score Distribution
Percent of People with Each Score
Percentile by Number Answered
Your Score History
You have not taken this quiz